000 00340nam a2200121Ia 4500
005 20260328104318.0
008 260328s9999||||xx |||||||||||||| ||und||
100 _aCalatrava, Santiago
245 0 _aDynamische Gleichgewichte Neue Projekte /
_cSantiago Calatrava
260 _bArtemis Verlags AG,Zurich
650 _aARQUITECTOS
942 _cBK
999 _c11242
_d11242